000 00776nam a2200217 a 4500
001 000013662
005 20200929163313.0
008 091127s1997 dr 000 0 spa d
040 _aDO-SdBNP
_bspa
_cBNPHU
082 _a342.7293
_bT233L
100 1 _aTaveras, Waldys
_931093
245 1 0 _aLegislación municipal de la República Dominicana /
_cWaldys Taveras; prólogo Alexandra Izquierdo.
260 _aSanto Domingo :
_b[s.n.,
_c199-?].
300 _a234 p. ;
_c21 cm.
500 _aIncluye notas al pie de las páginas
590 _aInventariado, 2018/VM
650 4 _aDerecho municipal
_zRepública Dominicana
_916435
650 4 _aDerecho municipal
_xLegislación
_931094
700 1 2 _aIzquierdo, Alexandra
_epról.
_931095
910 _aValidado. Control de calidad EMS
999 _c13276
_d13276